| 000 | 02035nam a22003854a 4500 | ||
|---|---|---|---|
| 001 | ebr10425455 | ||
| 003 | CaPaEBR | ||
| 006 | m u | ||
| 007 | cr cn||||||||| | ||
| 008 | 080811s2009 inuab sb 001 0 eng | ||
| 010 | _z 2008035611 | ||
| 020 | _z9780268022099 (pbk. : alk. paper) | ||
| 020 | _z0268022097 (pbk. : alk. paper) | ||
| 040 |
_aCaPaEBR _cCaPaEBR |
||
| 035 | _a(OCoLC)694145916 | ||
| 043 | _ae-uk-en | ||
| 050 | 1 | 4 |
_aPR8309.C47 _bB37 2009eb |
| 082 | 0 | 4 |
_a820.9/94271 _222 |
| 100 | 1 |
_aBarrett, Robert W., _d1969- |
|
| 245 | 1 | 0 |
_aAgainst all England _h[electronic resource] : _bregional identity and Cheshire writing, 1195-1656 / _cRobert W. Barrett, Jr. |
| 260 |
_aNotre Dame, Ind. : _bUniversity of Notre Dame Press, _c2009. |
||
| 300 |
_axv, 306 p. : _bill., maps. |
||
| 490 | 1 | _aReFormations | |
| 504 | _aIncludes bibliographical references (p. 279-295) and index. | ||
| 505 | 0 | _aFrom cloister to corporation: imagining Chester in benedictine encomium and saint's life -- Grounds of grace: mobile meaning and processional performance in the Chester Whitsun plays -- Chester's triumph: absence and authority in seventeenth-century civic ceremonial -- Heraldic devices/chivalric divisions: Sir Gawain and the green knight and the Scrope-Grosvenor trial -- Two shires against all England: regional honor and tudor ambition in the Stanley family romances. | |
| 533 |
_aElectronic reproduction. _bPalo Alto, Calif. : _cebrary, _d2013. _nAvailable via World Wide Web. _nAccess may be limited to ebrary affiliated libraries. |
||
| 650 | 0 |
_aEnglish literature _zEngland _zCheshire _xHistory and criticism. |
|
| 650 | 0 |
_aLiterature and society _zEngland _zCheshire. |
|
| 651 | 0 |
_aCheshire (England) _xIn literature. |
|
| 651 | 0 |
_aCheshire (England) _xIntellectual life. |
|
| 655 | 7 |
_aElectronic books. _2local |
|
| 710 | 2 | _aebrary, Inc. | |
| 830 | 0 | _aReformations. | |
| 856 | 4 | 0 |
_uhttp://site.ebrary.com/lib/rucke/Doc?id=10425455 _zAn electronic book accessible through the World Wide Web; click to view |
| 999 |
_c142755 _d142755 |
||